000 00199nam a2200085 4500
001 1258568
005 20260312200740.0
245 _aDÜNYANIN MERKEZİNE YOLCULUK
_cJULES VERNE
260 _bARKADAŞ ÇOCUK
999 _c1258568
_d1258568